000 00836cam a22002531 4500
001 sa 68001135
003 DLC
005 20260227112430.0
008 710903s1967 ii a b 00010 eng
010 _asa 68001135 //r862
025 _aPL480:I-E-9109
043 _aa-ii---
050 0 _aLB1131
_b.K27 1967
082 _a153.9/0954
100 1 0 _aKamat, Venkatrao Vithal,
_d1888-
245 1 0 _aMeasuring intelligence of Indian children
_c[by] V. V. Kamat. With a foreword by John M. McKenzie.
250 _a4th ed.,
_bwith the assistance of Prema Pai.
260 0 _a[Bombay,
_aNew York]
_bIndian Branch, Oxford University Press,
_c1967.
300 _axvi, 322 p.
_billus.
_c22 cm.
350 _aRs20
504 _aBibliography: p. [312]-316.
650 0 _aEducational tests and measurements
_zIndia.
650 0 _aChildren
_zIndia.
999 _c77732
_d77732